| 000 | nam a22 7a 4500 | ||
|---|---|---|---|
| 999 |
_c29479 _d29479 |
||
| 008 | 180108b xxu||||| |||| 00| 0 eng d | ||
| 020 | _a9780194375986 | ||
| 020 | _a0194375986 | ||
| 050 | _aP 129 .A67C66 2003 | ||
| 100 | _aCook, Guy. | ||
| 245 |
_aApplied linguistics / _cGuy Cook. |
||
| 260 |
_aNewYork : _bOxford, _c2003. |
||
| 300 |
_ax,134 p. : _c20cm. |
||
| 650 | _aApplied linguistics. | ||
| 942 |
_2lcc _cSH_L_BOOKS _hP 129 .A67C66 2003 _02 |
||